[Event "Nabereznye Chelny op 8th"]
[Site "Nabereznye Chelny"]
[Date "2010.01.27"]
[Round "9"]
[White "Ponomaryov, Oleg"]
[Black "Filippov, Artyom"]
[Result "1-0"]
[WhiteElo "2004"]
[BlackElo "1000"]
[PlyCount "41"]
[EventDate "2010.01.19"]
[EventType "swiss"]
[EventRounds "9"]
[EventCountry "RUS"]
[SourceTitle "CBM 134 Extra"]
[Source "ChessBase"]
[SourceDate "2010.03.03"]
[SourceVersion "1"]
[SourceVersionDate "2010.03.03"]
[SourceQuality "1"]

1. e4 c5 2. Nf3 e6 3. d4 cxd4 4. Nxd4 a6 5. Bd3 Qc7 6. 0-0 Nf6 7. Kh1 d5 8. Nd2 Bd6 9. exd5 Nxd5 10. Qg4 0-0 11. Qh4 Nf6 12. N2f3 Re8 13. Bg5 Nbd7 14. Rae1 h6 15. Bd2 Nc5 16. Bxh6 gxh6 17. Qxf6 Nxd3 18. cxd3 e5 19. Qxh6 Be6 20. Qg5+ Kh7 21. Re4 1-0

[Event "Nabereznye Chelny op 8th"]
[Site "Nabereznye Chelny"]
[Date "2010.01.26"]
[Round "8"]
[White "Filippov, Artyom"]
[Black "Galimov, Ildus"]
[Result "0-1"]
[WhiteElo "1000"]
[BlackElo "2021"]
[PlyCount "62"]
[EventDate "2010.01.19"]
[EventType "swiss"]
[EventRounds "9"]
[EventCountry "RUS"]
[SourceTitle "CBM 134 Extra"]
[Source "ChessBase"]
[SourceDate "2010.03.03"]
[SourceVersion "1"]
[SourceVersionDate "2010.03.03"]
[SourceQuality "1"]

1. e4 c5 2. Nf3 a6 3. d4 cxd4 4. Nxd4 Nf6 5. Nc3 e5 6. Nf3 Bb4 7. Bd2 0-0 8. a3 Bxc3 9. Bxc3 Nxe4 10. Bxe5 Re8 11. Be2 Qa5+ 12. b4 Qb6 13. 0-0 Nc6 14. Bb2 d6 15. Nd2 d5 16. Nb3 Be6 17. Nd4 Rad8 18. Nxc6 Qxc6 19. Qd4 f6 20. Bd3 Bf7 21. Rfe1 Ng5 22. Qg4 Kh8 23. f3 Qd6 24. Qh4 h6 25. Rad1 Qd7 26. f4 Nh7 27. g4 Qd6 28. g5 fxg5 29. fxg5 Nxg5 30. Qg4 Qb6+ 31. Bd4 Qxd4+ 0-1

[Event "Nabereznye Chelny op 8th"]
[Site "Nabereznye Chelny"]
[Date "2010.01.20"]
[Round "2"]
[White "Filippov, Artyom"]
[Black "Konovalov, Viatcheslav"]
[Result "1/2-1/2"]
[WhiteElo "1000"]
[BlackElo "2056"]
[PlyCount "101"]
[EventDate "2010.01.19"]
[EventType "swiss"]
[EventRounds "9"]
[EventCountry "RUS"]
[SourceTitle "CBM 134 Extra"]
[Source "ChessBase"]
[SourceDate "2010.03.03"]
[SourceVersion "1"]
[SourceVersionDate "2010.03.03"]
[SourceQuality "1"]

1. e4 e5 2. Nf3 Nc6 3. Bb5 g6 4. 0-0 Bg7 5. c3 a6 6. Ba4 d6 7. d4 Bd7 8. Re1 Qe7 9. Bg5 f6 10. Be3 Nh6 11. Nbd2 Ng4 12. dxe5 Nxe3 13. Rxe3 fxe5 14. Nf1 0-0 15. Rd3 Be6 16. Bb3 Bh6 17. Ne3 Bxe3 18. Bxe6+ Qxe6 19. Rxe3 h6 20. b3 Ne7 21. c4 Rf6 22. Rc1 b6 23. b4 Raf8 24. Rc2 g5 25. h3 Ng6 26. c5 Nf4 27. cxd6 cxd6 28. Qf1 Nxh3+ 29. gxh3 Rxf3 30. Rxf3 Rxf3 31. Qxa6 Rxh3 32. Qc8+ Qxc8 33. Rxc8+ Kf7 34. Rb8 Ra3 35. Rxb6 Ke6 36. Rb8 Rxa2 37. Rh8 Rb2 38. Rxh6+ Kd7 39. Rg6 Rxb4 40. f3 Kc6 41. Rxg5 Kc5 42. Kf2 Kd4 43. Rg1 Rb2+ 44. Kg3 Rd2 45. Re1 Kd3 46. f4 exf4+ 47. Kxf4 Kd4 48. e5 dxe5+ 49. Rxe5 Rf2+ 50. Kg3 Kxe5 51. Kxf2 1/2-1/2